• 首页
  • 本馆介绍
  • 公告通知
  • 最新文献
  • 馆藏检索
  • 电子资源
  • 读者导购
  • 参考咨询
  • 我的图书馆
  • 登录
  • 详细信息显示
  • 放入我的书架
  • 预约/预借图书
  • 作者相关作品
  • 分类相关作品
  • 丛书相关作品
  • 出版社相关作品

书目信息

  • 表格格式
  • 工作单格式
  • 卡片格式
题名:
巴赫评传
    
 
作者: 吴琼 编著
分册:  
出版信息: 北京   中华工商联合出版社  2018.09
页数: 263页
开本: 23cm
丛书名: 创客读库
单 册:
中图分类: K835.165.76=41
科图分类:
主题词:
电子资源:
ISBN: 978-7-5158-2320-1
000 00963oam2 2200277 450
001 0120182571146
005 20201019092445.91
010    @a978-7-5158-2320-1@b精装@dCNY49.80
100    @a20181024d2018 em y0chiy50 ea
101 0  @achi
102    @aCN@b110000
105    @ay z 000yd
106    @ar
200 1  @a巴赫评传@9ba he ping zhuan@f吴琼编著
205    @a2版
210    @a北京@c中华工商联合出版社@d2018.09
215    @a263页@d23cm
225 2  @a创客读库
330    @a本书是约翰·塞巴斯蒂安·巴赫的传记,详细描述了约翰·塞巴斯蒂安·巴赫的一生,也突出了他对音乐史的贡献。巴赫是杰出的管风琴、小提琴和大键琴演奏家,被称为“西方‘近代音乐’之父”,也是西方文化史上非常重要的人物。
333    @a一般读者
461  0 @12001 @a创客读库
600  0 @a巴赫@c(Bach,Jean-Sebastien@f1685-1750)@x评传
690    @aK835.165.76=41@v5
701  0 @a吴琼@9wu qiong@4编著
801  0 @aCN@b人天书店@c20181024
905    @b1286154-57@dK835.165.76=41@e1129=2@f4
    
    巴赫评传/吴琼编著.-2版.-北京:中华工商联合出版社,2018.09
    263页;23cm.-(创客读库)
    使用对象:一般读者
    
    ISBN 978-7-5158-2320-1(精装):CNY49.80
    本书是约翰·塞巴斯蒂安·巴赫的传记,详细描述了约翰·塞巴斯蒂安·巴赫的一生,也突出了他对音乐史的贡献。巴赫是杰出的管风琴、小提琴和大键琴演奏家,被称为“西方‘近代音乐’之父”,也是西方文化史上非常重要的人物。
●
相关链接 在E读中查询图书 在五车中查询图书 在当当中查询图书 在豆瓣中查询图书


正题名:巴赫评传     索取号:K835.165.76=41/1129=2         预约/预借

序号 登录号 条形码 馆藏地/架位号 状态 备注
1 1286154   212861544   第二样本阅览室/ [索取号:K835.165.76=41/1129=2] 在馆    
2 1286155   212861553   第二借阅区/ [索取号:K835.165.76=41/1129=2] 在馆    
3 1286156   212861562   第二借阅区/ [索取号:K835.165.76=41/1129=2] 在馆    
4 1286157   212861571   第二借阅区/ [索取号:K835.165.76=41/1129=2] 在馆    
唐山师范学院图书馆 欢迎您!
大连网信软件有限公司© 版权所有